Elaboración de guías de laboratorio de sistemas de control y medidas en subestaciones eléctricas

El estudio consiste en una guía metodológica de laboratorio en el área de automatización de subestaciones eléctricas, aplicando estrategias didácticas y de aprendizaje del conocimiento. Establece guías de laboratorio con instrumentos y equipos que simulen un escenario real de automatización,...

Full description

Bibliographic Details
Main Authors: Altamirano Reyes, Josué Isacar, Lara Samuria, Pedro de Jesús
Other Authors: Tutor: Pérez Orozco, Pedro Joaquín
Format: Tesis Section = Libro
Language:Undetermined
Spanish
Published: Managua UNI 2022
Subjects:
LEADER 01353nam a2200277Ia 4500
008 240830s9999 xx 000 0 und d
040 |a BIBLIOTECA-RUSB/ Mon 621.3126 A465 
041 |a spa 
082 |a Mon 621.3126 A465 
100 1 |a Altamirano Reyes, Josué Isacar 
100 1 |b Lara Samuria, Pedro de Jesús 
245 1 0 |a Elaboración de guías de laboratorio de sistemas de control y medidas en subestaciones eléctricas 
260 |a Managua  |b UNI  |c 2022 
300 |a 109 p. :il. 
500 |a Contiene: anexos y CD. 
502 |a Tesis (Ingeniero Eléctrico) - UNI, 2022. 
520 3 |a El estudio consiste en una guía metodológica de laboratorio en el área de automatización de subestaciones eléctricas, aplicando estrategias didácticas y de aprendizaje del conocimiento. Establece guías de laboratorio con instrumentos y equipos que simulen un escenario real de automatización, utilizando el controlador de bahía Ingepac EF-CD, a través de sus botoneras y mediante protocolos de comunicación usados en la industria eléctrica. 
650 7 |a ENERGIA ELECTRICA 
650 7 |b  SUBESTACIONES ELECTRICAS-NICARAGUA 
650 7 |c  AUTOMATIZACION 
650 7 |d  REDES ELECTRICAS 
650 7 |e  SISTEMA ELECTRICO. 
700 1 |a Tutor:  |b Pérez Orozco, Pedro Joaquín 
942 |c BK  |2 ddc 
991 |a TESIS 
999 |c 27059